| 000 | 004180000a22001690004500 | ||
|---|---|---|---|
| 003 | LK-CoMWRAF | ||
| 008 | 230817t ||||| |||| 00| 0 eng d | ||
| 040 |
_aLK-CoMWRAF _dLK-CoMWRAF _eLK-CoMWRAF |
||
| 041 | _aeng | ||
| 082 |
_a490 _bMOH |
||
| 100 | _aMohammad, M.Ghulam | ||
| 245 |
_aPathirikaithuraiyum Muslimkalum _b |
||
| 260 |
_bIlakkiyacholai _aIndia _c2005 |
||
| 300 | _ap.104 | ||
| 490 | _aVol.01 | ||
| 942 | _cBK | ||
| 999 |
_c1089 _d1089 |
||